000 01701nam a22003137a 4500
005 2010080205235.0
010 _aENG-97733 B-425711-714
020 _a9788185873619
_c1800.00
035 _aEN-81266 B-425711-714
037 _bDBAD/PUB
037 _bAllied Pub/Ven
082 _a635
100 _aH. P. Singh
_929543
245 _aOrganic horticulture ;
_cby H. P. Singh [and] George V. Thomas
_bprinciples, practices and technologies /
260 _aNew Delhi
_c2010
_bWestville Pub. House
270 _a47, B-5, Paschim Vihar,
_bNew Delhi
_e110063
300 _axx, 420 p.
_c26cm (Hb)
650 _aOrganic gordening
_929544
650 _aVegetable gardening
_929545
700 _94162
_aThomas, George V.
700 _94666
942 _2ddc
_cEN
_h635
_mHPS
999 _c38831
_d38831